000 00494nam a2200145 a 4500
001 000043374
005 20201002040846.0
008 140312s2005 sp af 000 0 spa d
020 _a8481812595
040 _aDO-SdBNP
_bspa
_cBNPHU
100 1 _aGonzález, Francisco
_971036
245 1 3 _aEl Camino del Sol /
_cFrancisco González.
260 _amadrid :
_bMinisterio de Cultura, Dirección General de Cooperación y Comunicación Cultural,
_c2005.
300 _a206 p. [201] lám. :
_bil. ;
_c27 cm.
999 _c42863
_d42863